Zálohovanie jednorazových obalov na Slovensku

Aktuálna téma zálohovania jednorazových obalov (ZJO). Cieľom je dosiahnuť efektívnejší zber a následnú recykláciu. Čo upravuje zákon o ZJO a vyhláška k zákonu o ZJO. Spôsob zálohovania obalov v praxi - model.

Enregistré dans:
Détails bibliographiques
Auteur principal: Šufliarsky, Juraj
Autres auteurs: Pomfyová, Uršula
Format: Chapitre de livre
Langue:slovaque
Sujets:
Tags: Ajouter un tag
Pas de tags, Soyez le premier à ajouter un tag!

MARC

LEADER 00000naa a2200000 4500
001 0274049
005 20220627094239.1
041 0 |a slo 
044 |a SK 
245 1 0 |a Zálohovanie jednorazových obalov na Slovensku  |c Juraj Šufliarsky, Uršula Pomfyová 
520 |a Aktuálna téma zálohovania jednorazových obalov (ZJO). Cieľom je dosiahnuť efektívnejší zber a následnú recykláciu. Čo upravuje zákon o ZJO a vyhláška k zákonu o ZJO. Spôsob zálohovania obalov v praxi - model. 
610 2 0 |a obaly 
610 2 0 |a recyklácia odpadu 
610 2 0 |a záťaže environmentálne 
610 2 0 |a toky vodné 
610 2 0 |a ochrana prostredia životného 
610 2 0 |a systémy zálohové 
100 1 |a Šufliarsky, Juraj 
700 1 |a Pomfyová, Uršula